|
|
|
|
| LEADER |
00986nam a2200289 i 4500 |
| 001 |
27303 |
| 003 |
BD-DhAAL |
| 005 |
20130805134739.0 |
| 008 |
130805r2007 njua b 001 0 eng |
| 010 |
|
|
|a 74022371
|
| 020 |
|
|
|a 0137372884
|
| 020 |
|
|
|a 9788120330917
|
| 040 |
|
|
|a DLC
|c DLC
|d DLC
|d BD-DhAAL
|
| 050 |
0 |
0 |
|a JF1351
|b .H45
|
| 082 |
0 |
0 |
|a 350
|
| 999 |
|
|
|c 13827
|d 13827
|
| 999 |
|
|
|c 13827
|
| 100 |
1 |
|
|a Henry, Nicholas,
|d 1943-
|9 2578
|
| 245 |
1 |
0 |
|a Public administration and public affairs /
|c Nicholas Henry.
|
| 250 |
|
|
|a 10th ed.
|
| 260 |
|
|
|a Englewood Cliffs, N.J. ;
|a New Delhi. :
|b Prentice-Hall,
|c 2007 [Reprinted]
|
| 300 |
|
|
|a xiv, 442 p. :
|b ill. ;
|c 24 cm.
|
| 504 |
|
|
|a Includes bibliographical references and indexes.
|
| 541 |
|
|
|e 27303
|
| 650 |
|
0 |
|a Public administration.
|9 2579
|
| 942 |
|
|
|2 ddc
|c BK
|
| 952 |
|
|
|0 0
|1 0
|2 ddc
|4 0
|6 350_000000000000000_HEN
|7 0
|9 23135
|a IGS
|b IGS
|c GEN
|d 2013-08-05
|e Karim International
|g 530.00
|l 0
|o 350 HEN
|p 3010027303
|r 2013-08-05
|t 1
|w 2013-08-05
|y BK
|